Normal view
MARC view
- ENGLISH LANGUAGE RHETORIC ENGLISH LANGUAGE GRAMMAR 1950
Entry Topical Term
001 - CONTROL NUMBER
- control field: 67310
003 - CONTROL NUMBER IDENTIFIER
- control field: NUST
005 - DATE AND TIME OF LATEST TRANSACTION
- control field: 20210628203804.0
008 - FIXED-LENGTH DATA ELEMENTS
- fixed length control field: 210628|| aca||aabn | a|a d
040 ## - CATALOGING SOURCE
- Original cataloging agency: NUST
- Transcribing agency: NUST
150 ## - HEADING--TOPICAL TERM
- Topical term or geographic name entry element: ENGLISH LANGUAGE RHETORIC ENGLISH LANGUAGE GRAMMAR 1950
670 ## - SOURCE DATA FOUND
- Source citation: Work cat.: (NUST): Kance, Thomes S 67309, The oxford guide to writing, 1988
